| 000 | 00749nam a2200241 a 4500 | ||
|---|---|---|---|
| 001 | 52610 | ||
| 003 | BD-RjUL | ||
| 005 | 20211209075832.0 | ||
| 008 | 160924r19551946enk||||| |||| 001 0 eng d | ||
| 035 | _a(BD-RjUL)52730 | ||
| 040 |
_aBD-RjUL _beng _cBD-RjUL |
||
| 041 | _aeng | ||
| 082 |
_223 _a370.15 _bHUL 1955 |
||
| 100 | 1 |
_aHughes, A G _9157349 |
|
| 245 | 1 | 0 |
_aLearning and teaching : _ban introduction to psychology and education / _cA G Hughes ; Ethel Hilda Hughes |
| 250 | _a2nd ed. | ||
| 260 |
_aNew York : _bLongmans, _c1946, [Reprinted 955] |
||
| 300 |
_aix, 444 p . ; _c16 cm. |
||
| 500 | _aIncludes index | ||
| 650 |
_aEducational psychology. _9157350 |
||
| 700 |
_aHughes, Ethel Hilda, joint author _9148931 |
||
| 942 |
_2ddc _cBK |
||
| 999 |
_c52610 _d52610 |
||